[Event "Scarborough CC Howard Ridout"]
[Site "Toronto CAN"]
[Date "2017.09.14"]
[Round "1.7"]
[White "Orozco, Joey"]
[Black "Huang, Youhe"]
[Result "1/2-1/2"]
[WhiteElo "1860"]
[BlackElo "1849"]
[WhiteFideId "-1"]
[WhiteFideId "-1"]
[PlyCount "75"]
[GameId "2160767908330319"]
[EventDate "2017.09.14"]
[EventType "swiss"]
[EventRounds "7"]
[EventCountry "CAN"]
[SourceTitle "hb 2017"]

1. e4 c5 2. Nf3 d6 3. d4 cxd4 4. Nxd4 Nf6 5. f3 e5 6. Nb3 a6 7. c4 Be6 8. Be3 Qc7 9. N3d2 Nbd7 10. Nc3 Nb6 11. b3 g6 12. Be2 Nh5 13. O-O f5 14. g4 Nf4 15. Nd5 Nbxd5 16. cxd5 Bd7 17. Nc4 h5 18. Bb6 Qb8 19. g5 Nh3+ 20. Kg2 f4 21. Rg1 Nxg1 22. Bxg1 b5 23. Nb6 Ra7 24. h4 Be7 25. a4 Rb7 26. a5 Qd8 27. Rc1 Bxg5 28. Nxd7 Rxd7 29. Bb6 Qf6 30. Rc8+ Kf7 31. Rxh8 Bxh4 32. Qh1 Qg5+ 33. Kf1 Qg3 34. Bxb5 Qe1+ 35. Kg2 Qg3+ 36. Kf1 Qe1+ 37. Kg2 Qg3+ 38. Kf1 1/2-1/2

[Event "Scarborough CC Howard Ridout"]
[Site "Toronto CAN"]
[Date "2017.09.14"]
[Round "1.8"]
[White "Zhao, Yanchun"]
[Black "Ning, Eric"]
[Result "0-1"]
[WhiteElo "1827"]
[BlackElo "2024"]
[WhiteFideId "-1"]
[WhiteFideId "-1"]
[PlyCount "92"]
[GameId "2160767908330320"]
[EventDate "2017.09.14"]
[EventType "swiss"]
[EventRounds "7"]
[EventCountry "CAN"]
[SourceTitle "hb 2017"]

1. d4 Nf6 2. Nf3 g6 3. Nbd2 d5 4. e3 Bg7 5. Bd3 O-O 6. O-O Nbd7 7. c3 c5 8. Bc2 b5 9. a4 b4 10. cxb4 cxb4 11. a5 Ba6 12. Re1 Rc8 13. Nb3 Qc7 14. Bd3 Bc4 15. Qc2 Ne4 16. Nbd2 Bxd3 17. Qxd3 Ndf6 18. Ne5 Qc2 19. Nxe4 Nxe4 20. Re2 Qxc1+ 21. Qd1 Qxd1+ 22. Rxd1 Rc7 23. f3 Nd6 24. Nd3 Rb8 25. Nc5 Rb5 26. a6 e5 27. b3 exd4 28. exd4 h5 29. Kf1 Nf5 30. Nd3 Nxd4 31. Re8+ Kh7 32. Nf4 Rd7 33. Rd3 Ne6 34. Nxe6 fxe6 35. Rxe6 Rb6 36. Rde3 d4 37. R3e4 d3 38. Ke1 Bc3+ 39. Kd1 Rxe6 40. Rxe6 Kg7 41. h3 Kf7 42. Re3 Rd6 43. g4 d2 44. f4 Rxa6 45. Rd3 Ra1+ 46. Ke2 Re1+ 0-1

[Event "Scarborough CC Howard Ridout"]
[Site "Toronto CAN"]
[Date "2017.09.14"]
[Round "1.9"]
[White "Palacios, Bobby"]
[Black "Sivapathasundaram, Manojh"]
[Result "1/2-1/2"]
[WhiteElo "2023"]
[BlackElo "1837"]
[WhiteFideId "-1"]
[WhiteFideId "-1"]
[PlyCount "82"]
[GameId "2160767908330321"]
[EventDate "2017.09.14"]
[EventType "swiss"]
[EventRounds "7"]
[EventCountry "CAN"]
[SourceTitle "hb 2017"]

1. d4 Nf6 2. c4 g6 3. Nc3 d5 4. Bg5 dxc4 5. e4 Nc6 6. e5 Nd5 7. Bxc4 Nb6 8. Bb5 Bd7 9. Nf3 a6 10. Bd3 Bg4 11. Be4 h6 12. Bf4 Bg7 13. h3 Bxf3 14. Bxf3 O-O 15. Bxc6 bxc6 16. O-O Nd5 17. Qd2 Rb8 18. Bxh6 Nxc3 19. Bxg7 Ne2+ 20. Qxe2 Kxg7 21. Qd2 Qd5 22. Rfd1 Rfd8 23. Qc3 e6 24. b3 a5 25. Rac1 Rb4 26. Qxc6 Qxc6 27. Rxc6 Rbxd4 28. Rxd4 Rxd4 29. Rxc7 Rd1+ 30. Kh2 Rd2 31. a4 Rxf2 32. Rc5 Rb2 33. Rb5 g5 34. Kg3 Kg6 35. Kf3 Rc2 36. b4 axb4 37. Rxb4 Kh5 38. Rb5 Ra2 39. g4+ Kg6 40. Rc5 Ra3+ 41. Kg2 Ra2+ 1/2-1/2

[Event "Scarborough CC Howard Ridout"]
[Site "Toronto CAN"]
[Date "2017.09.21"]
[Round "2.1"]
[White "Zhao, Harry"]
[Black "Yie, Kevin"]
[Result "1-0"]
[WhiteElo "2170"]
[BlackElo "2089"]
[WhiteFideId "-1"]
[WhiteFideId "-1"]
[PlyCount "113"]
[GameId "2160767908330322"]
[EventDate "2017.09.14"]
[EventType "swiss"]
[EventRounds "7"]
[EventCountry "CAN"]
[SourceTitle "EXT 2022"]
[Source "ChessBase"]
[SourceDate "2021.10.06"]
[SourceVersion "1"]
[SourceVersionDate "2021.10.06"]
[SourceQuality "1"]

1. d4 d5 2. c4 c6 3. Nc3 e6 4. Nf3 Nf6 5. cxd5 exd5 6. Bg5 Be7 7. Qc2 Bg4 8. e3 Nbd7 9. Bd3 Bh5 10. a3 a5 11. Rb1 O-O 12. O-O Bg6 13. Bxg6 hxg6 14. b4 axb4 15. axb4 Nb6 16. Nd2 Nfd7 17. Bf4 Bg5 18. Bg3 Qe7 19. b5 Rfe8 20. Qb3 Ra3 21. Qb2 Rea8 22. bxc6 bxc6 23. Kh1 c5 24. Nf3 Bf6 25. Bc7 cxd4 26. Nxd4 Qc5 27. Ncb5 Nc4 28. Qb4 Qxb4 29. Rxb4 Ra1 30. Rbb1 R1a2 31. Nc3 Rc2 32. Nxc2 Bxc3 33. Rbd1 Nf6 34. Rd3 Ne4 35. f3 Nb2 36. Rxd5 Nd2 37. Rf2 Ra2 38. Rfxd2 Bxd2 39. Rxd2 Nc4 40. Rd8+ Kh7 41. Ne1 Ra1 42. Bg3 Nxe3 43. h3 f5 44. f4 g5 45. fxg5 f4 46. Bh4 Kg6 47. Rd2 Kh5 48. Bf2 Nf1 49. Re2 Rd1 50. Kg1 Nd2 51. Re5 Kg6 52. h4 Kh5 53. Kh2 Kg4 54. g6 f3 55. Rg5+ Kf4 56. Nd3+ Ke4 57. Nc5+ 1-0

[Event "Scarborough CC Howard Ridout"]
[Site "Toronto CAN"]
[Date "2017.09.21"]
[Round "2.3"]
[White "Tonakanian, Stephan"]
[Black "Issani, Nameer"]
[Result "0-1"]
[WhiteElo "2127"]
[BlackElo "2061"]
[WhiteFideId "-1"]
[WhiteFideId "-1"]
[PlyCount "60"]
[GameId "2160767908330324"]
[EventDate "2017.09.14"]
[EventType "swiss"]
[EventRounds "7"]
[EventCountry "CAN"]
[SourceTitle "hb 2017"]

1. d4 Nf6 2. Nf3 e6 3. c4 Bb4+ 4. Bd2 Qe7 5. a3 Bxd2+ 6. Qxd2 d6 7. Nc3 Nbd7 8. g3 O-O 9. Bg2 e5 10. O-O Re8 11. e3 c6 12. Rfd1 e4 13. Ng5 d5 14. b3 Nf8 15. cxd5 cxd5 16. Rdc1 Bf5 17. Nb5 Qd7 18. Qb4 a5 19. Qa4 Rec8 20. Rxc8 Rxc8 21. Na7 Ra8 22. Qxa5 b6 23. Qxb6 Rxa7 24. Nh3 Bxh3 25. Bxh3 Qxh3 26. Qxa7 Ng4 27. Ra2 Nxh2 28. f4 Nf3+ 29. Kf2 Qh2+ 30. Kf1 Qg1+ 0-1

[Event "Scarborough CC Howard Ridout"]
[Site "Toronto CAN"]
[Date "2017.09.21"]
[Round "2.4"]
[White "Qiao, Cindy"]
[Black "Southam, David"]
[Result "0-1"]
[WhiteElo "1887"]
[BlackElo "2214"]
[WhiteFideId "-1"]
[WhiteFideId "-1"]
[PlyCount "58"]
[GameId "2160767908330325"]
[EventDate "2017.09.14"]
[EventType "swiss"]
[EventRounds "7"]
[EventCountry "CAN"]
[SourceTitle "hb 2017"]

1. e4 e6 2. d4 d5 3. Nc3 Bb4 4. Nge2 Nf6 5. Bg5 h6 6. Bxf6 Qxf6 7. a3 Ba5 8. b4 Bb6 9. exd5 O-O 10. Qd3 Rd8 11. g3 exd5 12. Bg2 c6 13. O-O Bf5 14. Qd2 Nd7 15. Na4 Rab8 16. Rad1 Bc7 17. Qc3 Bd6 18. Rb1 a6 19. Rfd1 Qg6 20. Rd2 Re8 21. Qb3 Re7 22. Rf1 Rbe8 23. Nc1 Nf6 24. Nc3 Qh5 25. Nd3 Bh3 26. a4 Ng4 27. Bxh3 Qxh3 28. f4 Re2 29. Rf2 Re1+ 0-1

[Event "Scarborough CC Howard Ridout"]
[Site "Toronto CAN"]
[Date "2017.09.21"]
[Round "2.5"]
[White "Cale, Ferdinand"]
[Black "Picana, Andrew"]
[Result "0-1"]
[WhiteElo "1864"]
[BlackElo "2071"]
[WhiteFideId "-1"]
[WhiteFideId "-1"]
[PlyCount "94"]
[GameId "2160767908330326"]
[EventDate "2017.09.14"]
[EventType "swiss"]
[EventRounds "7"]
[EventCountry "CAN"]
[SourceTitle "hb 2017"]

1. f4 d5 2. d4 Nf6 3. e3 c5 4. Bb5+ Bd7 5. Qe2 cxd4 6. Bxd7+ Qxd7 7. exd4 Nc6 8. c3 e6 9. Nf3 Bd6 10. O-O O-O 11. a4 Qc7 12. Ne5 Ne4 13. Nd2 Nxd2 14. Bxd2 Na5 15. b4 Nb3 16. Ra2 Nxd2 17. Qxd2 Rac8 18. Ra3 a5 19. Rb3 Ra8 20. bxa5 Rxa5 21. Rfb1 Rb8 22. Ra1 f6 23. Nd3 Qc4 24. Rab1 Qxa4 25. Rxb7 Rxb7 26. Rxb7 Qa1+ 27. Kf2 Ra2 28. Rb2 Rxb2 29. Qxb2 Qxb2+ 30. Nxb2 Bxf4 31. h3 Bc1 32. Nd1 e5 33. Ke2 e4 34. Nf2 f5 35. Kd1 Be3 36. Nh1 f4 37. Ke2 Kf7 38. g3 g5 39. h4 h6 40. hxg5 hxg5 41. g4 Ke6 42. Ke1 Kd7 43. Kd1 Kc6 44. Kc2 Kb5 45. Kb3 Bg1 46. Kb2 Kc4 47. Kc2 e3 0-1

[Event "Scarborough CC Howard Ridout"]
[Site "Toronto CAN"]
[Date "2017.09.21"]
[Round "2.6"]
[White "Manalo, Pepin"]
[Black "Palacios, Bobby"]
[Result "0-1"]
[WhiteElo "1851"]
[BlackElo "2023"]
[WhiteFideId "-1"]
[WhiteFideId "-1"]
[PlyCount "147"]
[GameId "2160767908330327"]
[EventDate "2017.09.14"]
[EventType "swiss"]
[EventRounds "7"]
[EventCountry "CAN"]
[SourceTitle "hb 2017"]

1. d4 Nf6 2. Nf3 e6 3. e3 c5 4. b3 Nc6 5. Bb2 b6 6. Nbd2 Be7 7. a3 O-O 8. Bd3 a5 9. Ne5 cxd4 10. exd4 Qc7 11. O-O d6 12. Nef3 Ba6 13. c4 d5 14. Rc1 Qb7 15. Qe2 Rfd8 16. Ne5 dxc4 17. Nxc6 cxd3 18. Qe3 Rdc8 19. Nxe7+ Qxe7 20. Nc4 Nd5 21. Qxd3 Qg5 22. Qe4 a4 23. f4 Qe7 24. Qf3 axb3 25. Qxb3 Rxc4 26. Rxc4 Bxc4 27. Qxc4 Qb7 28. Rf3 Rc8 29. Qd3 Qc7 30. f5 Qc2 31. Qb3 Qxb3 32. Rxb3 exf5 33. Kf2 h6 34. Rb5 Rd8 35. h4 g6 36. Kf3 g5 37. hxg5 hxg5 38. Bc1 f6 39. g4 f4 40. Bd2 Rd6 41. Ke4 Nc7 42. Rb3 Kf7 43. Bb4 Re6+ 44. Kf3 Nd5 45. Bd2 Kg6 46. Rb5 Ne7 47. Rb3 f5 48. Rb2 fxg4+ 49. Kxg4 Nd5 50. Rb5 Nf6+ 51. Kf3 Ne4 52. Bb4 Nf6 53. Bd2 Rd6 54. Bc3 g4+ 55. Kxf4 Nd5+ 56. Kxg4 Nxc3 57. Rg5+ Kf6 58. Rf5+ Ke6 59. Re5+ Kd7 60. Re3 Rxd4+ 61. Kf5 Nd5 62. Rb3 Kd6 63. Rh3 Rf4+ 64. Kg5 Ra4 65. Kf5 Kc5 66. Ke5 Rc4 67. Rd3 Nc7 68. Rb3 Nb5 69. Rd3 Rc3 70. Rd5+ Kc4 71. a4 Re3+ 72. Kf4 Kxd5 73. Kxe3 Nc3 74. Kd3 0-1

[Event "Scarborough CC Howard Ridout"]
[Site "Toronto CAN"]
[Date "2017.09.21"]
[Round "2.7"]
[White "Noorali, Aahil"]
[Black "Orozco, Joey"]
[Result "1-0"]
[WhiteElo "2004"]
[BlackElo "1860"]
[WhiteFideId "-1"]
[WhiteFideId "-1"]
[PlyCount "53"]
[GameId "2160767908330328"]
[EventDate "2017.09.14"]
[EventType "swiss"]
[EventRounds "7"]
[EventCountry "CAN"]
[SourceTitle "hb 2017"]

1. d4 Nf6 2. c4 g6 3. Nc3 d5 4. cxd5 Nxd5 5. e4 Nxc3 6. bxc3 c5 7. Bc4 Bg7 8. Ne2 Nc6 9. Be3 O-O 10. O-O Na5 11. Bd3 c4 12. Bc2 e5 13. d5 Qd6 14. Qb1 b6 15. Qb4 Rd8 16. Rac1 f5 17. f3 fxe4 18. fxe4 Bg4 19. Ng3 Rac8 20. Bg5 Rd7 21. Ba4 Rc5 22. Bxd7 Bxd7 23. Be3 Bf8 24. Rxf8+ Qxf8 25. Bxc5 Qxc5+ 26. Qxc5 bxc5 27. Rb1 1-0

[Event "Scarborough CC Howard Ridout"]
[Site "Toronto CAN"]
[Date "2017.09.21"]
[Round "2.8"]
[White "Huang, Youhe"]
[Black "De Costa, Alex"]
[Result "1-0"]
[WhiteElo "1849"]
[BlackElo "1890"]
[WhiteFideId "-1"]
[WhiteFideId "-1"]
[PlyCount "73"]
[GameId "2160767908330329"]
[EventDate "2017.09.14"]
[EventType "swiss"]
[EventRounds "7"]
[EventCountry "CAN"]
[SourceTitle "hb 2017"]

1. e4 c5 2. Nf3 e6 3. d4 cxd4 4. Nxd4 a6 5. c4 Nf6 6. Nc3 Qc7 7. Be3 Bb4 8. Qd3 Ng4 9. Nc2 Nxe3 10. Nxb4 Nxf1 11. Kxf1 O-O 12. Rd1 b6 13. h4 Bb7 14. h5 h6 15. Rh3 Qc5 16. a3 Nc6 17. Nxc6 Bxc6 18. b4 Qe7 19. Qd6 Qf6 20. b5 axb5 21. cxb5 Bb7 22. a4 Rac8 23. Qxb6 Ba8 24. Qd4 Qe7 25. Rg3 f5 26. Qxd7 Qf6 27. Qd4 e5 28. Qd6 Qf7 29. Qd7 Qc4+ 30. Qd3 Qf7 31. exf5 e4 32. Qd7 Qc4+ 33. Kg1 Rf7 34. Qe6 Qc7 35. f6 Kh8 36. fxg7+ Rxg7 37. Rxg7 1-0

[Event "Scarborough CC Howard Ridout"]
[Site "Toronto CAN"]
[Date "2017.09.21"]
[Round "2.9"]
[White "Sivapathasundaram, Manojh"]
[Black "Lei, Sean"]
[Result "1/2-1/2"]
[WhiteElo "1837"]
[BlackElo "2117"]
[WhiteFideId "-1"]
[WhiteFideId "-1"]
[PlyCount "39"]
[GameId "2160767908330330"]
[EventDate "2017.09.14"]
[EventType "swiss"]
[EventRounds "7"]
[EventCountry "CAN"]
[SourceTitle "hb 2017"]

1. d4 Nf6 2. c4 e5 3. dxe5 Ng4 4. Nc3 Bc5 5. e3 Nxe5 6. Nf3 Nbc6 7. Be2 O-O 8. O-O Nxf3+ 9. Bxf3 Ne5 10. Be2 d6 11. Na4 Bf5 12. Nxc5 dxc5 13. b3 Qe7 14. Bb2 Rad8 15. Qc1 Nd3 16. Qc3 Nxb2 17. Qxb2 Rd6 18. Rad1 Rg6 19. Bf3 Be4 20. Qe2 1/2-1/2

[Event "Scarborough CC Howard Ridout"]
[Site "Toronto CAN"]
[Date "2017.09.21"]
[Round "2.10"]
[White "Zhao, Yanchun"]
[Black "Sharpe, Sam"]
[Result "1-0"]
[WhiteElo "1827"]
[BlackElo "1954"]
[WhiteFideId "-1"]
[WhiteFideId "-1"]
[PlyCount "93"]
[GameId "2160767908330331"]
[EventDate "2017.09.14"]
[EventType "swiss"]
[EventRounds "7"]
[EventCountry "CAN"]
[SourceTitle "hb 2017"]

1. d4 Nf6 2. Nf3 g6 3. Nbd2 Bg7 4. e4 d6 5. Bd3 O-O 6. O-O a6 7. Qe2 c6 8. c3 Nbd7 9. Bc2 b5 10. e5 Nd5 11. e6 fxe6 12. Qxe6+ Kh8 13. Qe2 e5 14. dxe5 Nxe5 15. Nxe5 Bxe5 16. Ne4 Ra7 17. Bg5 Qb6 18. Bh6 Re8 19. Kh1 Rae7 20. Qd2 Bf5 21. Rae1 Bg7 22. Bxg7+ Kxg7 23. Nxd6 Rxe1 24. Nxf5+ gxf5 25. Rxe1 Rxe1+ 26. Qxe1 Kf6 27. Bb3 Qc5 28. Kg1 a5 29. Qd2 Kg6 30. Bxd5 cxd5 31. Qd4 Qc6 32. h4 a4 33. a3 Qe6 34. Qd2 Qe4 35. Qg5+ Kf7 36. Qd2 Kg6 37. g3 Qb1+ 38. Kh2 Qe4 39. Qg5+ Kf7 40. Qh6 Kg8 41. Qf6 Qc2 42. Qd4 Qxb2 43. Qxd5+ Kg7 44. Qd4+ Kg6 45. Qd6+ Kf7 46. Qc5 Qe2 47. Qxf5+ 1-0

[Event "Scarborough CC Howard Ridout"]
[Site "Toronto CAN"]
[Date "2017.09.28"]
[Round "3.1"]
[White "Li, William"]
[Black "Zhao, Harry"]
[Result "1/2-1/2"]
[WhiteElo "2054"]
[BlackElo "2170"]
[WhiteFideId "-1"]
[WhiteFideId "-1"]
[PlyCount "57"]
[GameId "2160767908330332"]
[EventDate "2017.09.14"]
[EventType "swiss"]
[EventRounds "7"]
[EventCountry "CAN"]
[SourceTitle "hb 2017"]

1. e4 e6 2. d4 d5 3. Nd2 c5 4. exd5 Qxd5 5. Ngf3 cxd4 6. Bc4 Qd6 7. O-O Nf6 8. Nb3 Nc6 9. Nbxd4 Nxd4 10. Nxd4 a6 11. Bb3 Be7 12. c3 e5 13. Nc2 O-O 14. Qxd6 Bxd6 15. Rd1 Bc7 16. Bg5 Ne4 17. Be3 Bf5 18. Nb4 Rfe8 19. Nd5 Bd8 20. f3 Nf6 21. Nxf6+ Bxf6 22. Bd5 Rab8 23. c4 e4 24. fxe4 Bxe4 25. Bd4 Bg5 26. Re1 Bxd5 27. cxd5 b5 28. Bb6 Bf4 29. g3 1/2-1/2

[Event "Scarborough CC Howard Ridout"]
[Site "Toronto CAN"]
[Date "2017.09.28"]
[Round "3.2"]
[White "Southam, David"]
[Black "Palacios, Bobby"]
[Result "1-0"]
[WhiteElo "2214"]
[BlackElo "2023"]
[WhiteFideId "-1"]
[WhiteFideId "-1"]
[PlyCount "117"]
[GameId "2160767908330333"]
[EventDate "2017.09.14"]
[EventType "swiss"]
[EventRounds "7"]
[EventCountry "CAN"]
[SourceTitle "hb 2017"]

1. d4 d5 2. c4 dxc4 3. Nf3 Nf6 4. e3 e6 5. Bxc4 c5 6. O-O a6 7. Qe2 b5 8. Bb3 Bb7 9. Rd1 Nbd7 10. a4 Qb6 11. axb5 axb5 12. Rxa8+ Bxa8 13. dxc5 Nxc5 14. Bc2 Be7 15. Nc3 Bc6 16. Nd4 b4 17. Nxc6 Qxc6 18. Qb5 Qxb5 19. Nxb5 O-O 20. Nd4 Rc8 21. Nb3 Nfd7 22. Kf1 Bf6 23. Nd4 g6 24. Bd2 e5 25. Ne2 b3 26. Bb1 Ra8 27. Ke1 Ra1 28. Bc3 e4 29. Bxf6 Nxf6 30. f3 Nd3+ 31. Bxd3 Rxd1+ 32. Kxd1 exd3 33. Nf4 Kf8 34. Kd2 Ke7 35. Kxd3 Kd6 36. e4 Nd7 37. Kc4 f6 38. Kxb3 Ke5 39. Ne2 Nc5+ 40. Kc4 Kd6 41. b4 Nd7 42. f4 Nb6+ 43. Kd4 Nd7 44. Nc3 Nf8 45. g3 h6 46. Nd5 Nd7 47. Nxf6 Nb6 48. Nd5 Nd7 49. b5 h5 50. e5+ Ke6 51. b6 g5 52. b7 h4 53. Nb6 Nb8 54. Ke4 hxg3 55. hxg3 gxf4 56. gxf4 Nc6 57. f5+ Ke7 58. e6 Kd8 59. Nd7 1-0

[Event "Scarborough CC Howard Ridout"]
[Site "Toronto CAN"]
[Date "2017.09.28"]
[Round "3.3"]
[White "Picana, Andrew"]
[Black "Huang, Youhe"]
[Result "1-0"]
[WhiteElo "2071"]
[BlackElo "1849"]
[WhiteFideId "-1"]
[WhiteFideId "-1"]
[PlyCount "89"]
[GameId "2160767908330334"]
[EventDate "2017.09.14"]
[EventType "swiss"]
[EventRounds "7"]
[EventCountry "CAN"]
[SourceTitle "hb 2017"]

1. c4 Nf6 2. d4 g6 3. Nf3 Bg7 4. g3 O-O 5. Bg2 d5 6. cxd5 Nxd5 7. O-O Nc6 8. Nc3 Nb6 9. e3 Bd7 10. b3 Qc8 11. Ba3 Bh3 12. Qc2 Bxg2 13. Kxg2 Rd8 14. Rac1 e6 15. h4 Nd5 16. Ne4 Nf6 17. Nc5 Nd7 18. Nxb7 Qxb7 19. Qxc6 Rab8 20. Rc2 Qxc6 21. Rxc6 Rb7 22. Rfc1 Rc8 23. Bd6 Bf8 24. Rxc7 Rbxc7 25. Rxc7 Rxc7 26. Bxc7 Nf6 27. Ba5 Nd5 28. Kf1 f6 29. e4 Ne7 30. Ke2 f5 31. e5 h6 32. Bd2 Nd5 33. Kd3 Kf7 34. Kc4 a6 35. b4 Ke8 36. Ne1 Kd7 37. Nd3 Kc6 38. Nf4 Nxf4 39. Bxf4 h5 40. a4 a5 41. b5+ Kc7 42. Bd2 Kb6 43. d5 exd5+ 44. Kxd5 Be7 45. Bg5 1-0

[Event "Scarborough CC Howard Ridout"]
[Site "Toronto CAN"]
[Date "2017.09.30"]
[Round "3.6"]
[White "Uthayakumar, Ronan"]
[Black "Ning, Eric"]
[Result "1-0"]
[WhiteElo "1843"]
[BlackElo "2024"]
[WhiteFideId "-1"]
[WhiteFideId "-1"]
[PlyCount "49"]
[GameId "2160767908330336"]
[EventDate "2017.09.14"]
[EventType "swiss"]
[EventRounds "7"]
[EventCountry "CAN"]
[SourceTitle "EXT 2022"]
[Source "ChessBase"]
[SourceDate "2021.10.06"]
[SourceVersion "1"]
[SourceVersionDate "2021.10.06"]
[SourceQuality "1"]

1. e4 c5 2. Nf3 Nc6 3. d4 cxd4 4. Nxd4 g6 5. Be2 Bg7 6. Nb3 Nf6 7. Nc3 O-O 8. O-O d6 9. Re1 Be6 10. Bf1 a5 11. a4 Bxb3 12. cxb3 Nb4 13. Nd5 Nfxd5 14. exd5 Rc8 15. Bc4 Qc7 16. Bg5 f6 17. Bd2 Rfe8 18. Bb5 Rf8 19. Rc1 Qb6 20. Rxc8 Rxc8 21. Rxe7 Nxd5 22. Bxa5 Qxa5 23. Qxd5+ Kh8 24. Qf7 Rg8 25. Re8 1-0

[Event "Scarborough CC Howard Ridout"]
[Site "Toronto CAN"]
[Date "2017.09.28"]
[Round "3.7"]
[White "Feng, Richard"]
[Black "Sivapathasundaram, Manojh"]
[Result "1-0"]
[WhiteElo "1925"]
[BlackElo "1837"]
[WhiteFideId "-1"]
[WhiteFideId "-1"]
[PlyCount "155"]
[GameId "2160767908330337"]
[EventDate "2017.09.14"]
[EventType "swiss"]
[EventRounds "7"]
[EventCountry "CAN"]
[SourceTitle "hb 2017"]

1. e4 e5 2. Nf3 Nc6 3. Bc4 Nf6 4. d3 h6 5. c3 Bc5 6. b4 Bb6 7. a4 a6 8. Ba3 d6 9. O-O O-O 10. Bb3 Bg4 11. Nbd2 Nh5 12. h3 Bxf3 13. Nxf3 Nf4 14. d4 Ng6 15. b5 axb5 16. axb5 Na7 17. Qe2 Re8 18. dxe5 Nxe5 19. Nxe5 Rxe5 20. Bd5 c6 21. bxc6 bxc6 22. Bb3 Nb5 23. Bb4 Rxa1 24. Rxa1 c5 25. Qxb5 cxb4 26. Qxb4 Bc5 27. Qb7 Qf6 28. Qxf7+ Qxf7 29. Ra8+ Kh7 30. Bxf7 Rxe4 31. Rf8 Re2 32. Bd5 Bb6 33. Kf1 Re5 34. Bc4 Re7 35. Bd3+ g6 36. Rf6 Rg7 37. Rxd6 Ba5 38. c4 Bc7 39. Rc6 Ba5 40. c5 Bd8 41. Rc8 Ba5 42. Ra8 Bb4 43. c6 Bd6 44. Rd8 Bc7 45. Rd7 Rxd7 46. cxd7 Kg7 47. h4 Kf6 48. g4 Bd8 49. Ke2 g5 50. hxg5+ Kxg5 51. Bf5 Kf4 52. Be6 Be7 53. f3 Bd8 54. Bd5 Be7 55. Kf2 Ke5 56. Be4 Bd8 57. Ke3 Bb6+ 58. Kd3 Kd6 59. Bf5 Ke7 60. Ke4 Ba5 61. Ke5 Bc7+ 62. Ke4 Ba5 63. Kf4 Bd2+ 64. Kg3 Be3 65. Kh4 Bf4 66. Kh5 Bg5 67. Kg6 Bf4 68. Be6 Bg5 69. Kf5 Bd2 70. f4 Bc3 71. g5 Bg7 72. Kg6 hxg5 73. fxg5 Bd4 74. Kh7 Be5 75. g6 Bf6 76. g7 Kxe6 77. g8=Q+ Kxd7 78. Qf7+ 1-0

[Event "Scarborough CC Howard Ridout"]
[Site "Toronto CAN"]
[Date "2017.09.28"]
[Round "3.8"]
[White "Lei, Sean"]
[Black "Ghazarian, Tigran"]
[Result "1-0"]
[WhiteElo "2117"]
[BlackElo "1707"]
[WhiteFideId "-1"]
[WhiteFideId "-1"]
[PlyCount "53"]
[GameId "2160767908330338"]
[EventDate "2017.09.14"]
[EventType "swiss"]
[EventRounds "7"]
[EventCountry "CAN"]
[SourceTitle "hb 2017"]

1. e4 c5 2. Nf3 Nc6 3. c3 Nf6 4. e5 Nd5 5. d4 cxd4 6. Bc4 Nb6 7. Bb3 d6 8. exd6 Qxd6 9. cxd4 g6 10. Nc3 Bg4 11. Bxf7+ Kxf7 12. Ng5+ Ke8 13. Qxg4 Qxd4 14. Qe2 Qe5 15. Be3 h6 16. Nf3 Qa5 17. O-O Bg7 18. Rfe1 Kf7 19. Bxb6 axb6 20. Qe6+ Kf8 21. Qxg6 Rg8 22. Qe6 Qh5 23. Rac1 Rd8 24. Ne2 Bxb2 25. Rc4 Qg6 26. Nf4 Qg7 27. Rxc6 1-0

[Event "Scarborough CC Howard Ridout"]
[Site "Toronto CAN"]
[Date "2017.09.28"]
[Round "3.9"]
[White "Yie, Kevin"]
[Black "Cale, Ferdinand"]
[Result "1/2-1/2"]
[WhiteElo "2089"]
[BlackElo "1864"]
[WhiteFideId "-1"]
[WhiteFideId "-1"]
[PlyCount "117"]
[GameId "2160767908330339"]
[EventDate "2017.09.14"]
[EventType "swiss"]
[EventRounds "7"]
[EventCountry "CAN"]
[SourceTitle "EXT 2022"]
[Source "ChessBase"]
[SourceDate "2021.10.06"]
[SourceVersion "1"]
[SourceVersionDate "2021.10.06"]
[SourceQuality "1"]

1. d4 d5 2. Nf3 e6 3. Bf4 Nf6 4. e3 Be7 5. h3 Nbd7 6. Nbd2 a6 7. c3 O-O 8. Bd3 c5 9. O-O c4 10. Bc2 Ne8 11. e4 b5 12. Qe2 Nb6 13. Rae1 Bd6 14. Bxd6 Nxd6 15. e5 Nf5 16. Bxf5 exf5 17. Qe3 Be6 18. Nh2 Na4 19. Rb1 h6 20. f4 Kh7 21. Rf2 g6 22. Ndf1 a5 23. g4 b4 24. Ng3 Qd7 25. Rbf1 Rab8 26. gxf5 Bxf5 27. Nxf5 gxf5 28. Kh1 bxc3 29. bxc3 Rb2 30. Rxb2 Nxb2 31. Nf3 Qe6 32. Qf2 Nd3 33. Qh4 f6 34. Rg1 Qf7 35. Rg5 Nxf4 36. Rxf5 Ng6 37. Ng5+ Kg7 38. exf6+ Qxf6 39. Rxf6 Nxh4 40. Rxf8 Kxf8 41. Ne6+ Ke7 42. Nf4 Kd6 43. Kg1 Nf3+ 44. Kf2 Nd2 45. Ke3 Ne4 46. Ne2 Ke6 47. Kf4 Kf6 48. h4 h5 49. a3 a4 50. Ng3 Nxc3 51. Nxh5+ Kg6 52. Ng3 Nb5 53. Ne2 Nxa3 54. Ke5 Nc2 55. Kxd5 Kh5 56. Kxc4 Kxh4 57. d5 Ne3+ 58. Kb4 Nxd5+ 59. Kxa4 1/2-1/2

[Event "Scarborough CC Howard Ridout"]
[Site "Toronto CAN"]
[Date "2017.09.28"]
[Round "3.10"]
[White "Orozco, Joey"]
[Black "Zheng, Kevin"]
[Result "0-1"]
[WhiteElo "1860"]
[BlackElo "1884"]
[WhiteFideId "-1"]
[WhiteFideId "-1"]
[PlyCount "44"]
[GameId "2160767908330340"]
[EventDate "2017.09.14"]
[EventType "swiss"]
[EventRounds "7"]
[EventCountry "CAN"]
[SourceTitle "hb 2017"]

1. e4 c5 2. Nf3 Nc6 3. d4 cxd4 4. Nxd4 g6 5. Nc3 Bg7 6. Be3 Nf6 7. f3 O-O 8. Qd2 d5 9. Nxc6 bxc6 10. e5 Nd7 11. f4 Nb6 12. O-O-O a5 13. Be2 Ba6 14. g4 Bxe2 15. Qxe2 a4 16. h4 Nc4 17. Bc5 Qa5 18. Bxe7 Rfe8 19. Nxd5 cxd5 20. b4 axb3 21. cxb3 Qc3+ 22. Kb1 Rxe7 0-1

[Event "Scarborough CC Howard Ridout"]
[Site "Toronto CAN"]
[Date "2017.09.28"]
[Round "3.11"]
[White "Sharpe, Sam"]
[Black "Manalo, Pepin"]
[Result "1/2-1/2"]
[WhiteElo "1954"]
[BlackElo "1851"]
[WhiteFideId "-1"]
[WhiteFideId "-1"]
[PlyCount "149"]
[GameId "2160767908330341"]
[EventDate "2017.09.14"]
[EventType "swiss"]
[EventRounds "7"]
[EventCountry "CAN"]
[SourceTitle "hb 2017"]

1. f4 d5 2. Nf3 e6 3. e3 Be7 4. Be2 Nf6 5. O-O b6 6. Nc3 Bb7 7. b3 Nbd7 8. Bb2 O-O 9. Qe1 Ne4 10. d3 Nd6 11. Ne5 Bh4 12. Qd2 Bf6 13. Ng4 Be7 14. Bf3 c5 15. Rae1 f5 16. Ne5 Bf6 17. Nd1 Rc8 18. Nf2 g5 19. Nxd7 Qxd7 20. Bxf6 Rxf6 21. fxg5 Rg6 22. Nh3 Nf7 23. Bh5 Rg7 24. Bxf7+ Qxf7 25. d4 Kh8 26. Rf3 Rcg8 27. Rg3 Ba6 28. dxc5 bxc5 29. Qa5 Qb7 30. Qxc5 e5 31. Qd6 Re8 32. g6 h6 33. Rd1 Be2 34. Rxd5 Qe7 35. c4 Bg4 36. Nf2 Bh5 37. Nd3 f4 38. Rh3 Bxg6 39. Rxh6+ Bh7 40. Qxe7 Rgxe7 41. Rhd6 fxe3 42. Rd8 Rxd8 43. Rxd8+ Kg7 44. Kf1 Be4 45. Nc5 Rf7+ 46. Ke2 Bxg2 47. Rd7 Bh3 48. Rxf7+ Kxf7 49. Kxe3 Bf5 50. b4 Bb1 51. a4 Ba2 52. Nd3 Ke6 53. Nb2 Bb1 54. a5 Kd6 55. h4 Bg6 56. Nd1 Bh5 57. Nc3 Bf7 58. Ne4+ Kc6 59. b5+ Kc7 60. c5 Be8 61. Nd6 Bg6 62. a6 Bh5 63. Ke4 Bg4 64. Kxe5 Be2 65. Kf6 Bd3 66. Kg5 Bh7 67. h5 Bd3 68. h6 Bc2 69. Kf6 Kb8 70. Kg7 Kc7 71. h7 Bxh7 72. Kxh7 Kb8 73. b6 axb6 74. cxb6 Ka8 75. a7 1/2-1/2